LEADER 01261nam0-22003971i-450- 001 990003053470403321 010 $a0-333-41798-4 035 $a000305347 035 $aFED01000305347 035 $a(Aleph)000305347FED01 035 $a000305347 100 $a20000920d1986----km-y0itay50------ba 101 0 $aeng 102 $aIT 200 1 $aEast-West Economic Relations in the Changing Global Enviroment$eProceedings of a Conference held by the International Economic Association in Budapest,Hungary,and Vienna, Austria$fedited by Béla Csikòs-Nagy$gDavid G. Young. 210 $aLondon$aBSSingstoke$cMacmillan$d1986. 215 $aXXIV, 429 p.$d23 cm 610 0 $aFondo Monetario Internazionale 610 0 $aRelazioni Est-Ovest 676 $aF/1.4 676 $aF/1.41 676 $aO/1.2431 676 $aO/1.2432 676 $aO/1.35 676 $aO/2.41 702 1$aCsikòs-Nagy,$bBèla 702 1$aYoung,$bDavid G. 712 2$aInternational Economic Association 801 0$aIT$bUNINA$gRICA$2UNIMARC 901 $aBK 912 $a990003053470403321 952 $aA/3 IEA/86$b4914$fSES 959 $aSES 996 $aEast-West Economic Relations in the Changing Global Enviroment$9465651 997 $aUNINA DB $aING01 LEADER 00995nam0 22003013i 450 001 FER0071294 005 20231121125501.0 010 $a2130373666 100 $a20181115d1982 ||||0itac50 ba 101 | $afre 102 $afr 181 1$6z01$ai $bxxxe 182 1$6z01$an 200 1 $a˜La œmorale$fAngele Kremer-Marietti 210 $aParis$cPUF$d1982 215 $a127 p.$d18 cm. 225 | $aQue sais-je?$v2003 410 0$1001CFI0063042$12001 $aQue sais-je?$v2003 700 1$aKremer-Marietti$b, Angèle$3CFIV067208$4070$0409199 790 1$aMarietti$b, Ange?le$3UTOV561680$zKremer-Marietti, Angèle 801 3$aIT$bIT-01$c20181115 850 $aIT-FR0017 899 $aBiblioteca umanistica Giorgio Aprea$bFR0017 $eN 912 $aFER0071294 950 0$aBiblioteca umanistica Giorgio Aprea$d 52MAG 1/1568$e 52MAG0000160195 VMB RS $fA $h20181115$i20181115 977 $a 52 996 $aMorale$93606752 997 $aUNICAS